Paranormal Activity Franchise - Statistics

General Stats
  • This quiz has been taken 14 times
  • The average score is 6 of 9
Answer Stats
Type Year Name Info % Correct
Film 2007 Paranormal Activity Paramount
100%
Film 2010 Paranormal Activity 2 Paramount
100%
Film 2011 Paranormal Activity 3 Paramount
100%
Film 2012 Paranormal Activity 4 Paramount
100%
Film 2015 Paranormal Activity: The Ghost Dimension Paramount
64%
Film 2014 Paranormal Activity: The Marked Ones Paramount
55%
Film 2010 Paranormal Activity 2: Tokyo Night Presidio Corporation
18%
Video Game 2017 Paranormal Activity: The Lost Soul VRWERX
9%
Digital Comic 2009 Paranormal Activity: The Search for Katie Scott Lobdell
9%
No matching quizzes found
Score Distribution
Percent of People with Each Score
Percentile by Number Answered
Your Score History
You have not taken this quiz